| 000 | 00791nam a2200181 a 4500 | ||
|---|---|---|---|
| 005 | 20210223120412.0 | ||
| 008 | 991125s1973 mx 000 0 spa u | ||
| 035 | _aUPN01000000293 | ||
| 049 | _aCG | ||
| 050 | 4 |
_aLC155 A44 _bC4.2 1973 |
|
| 110 | 2 | _aCentro Regional de Alfabetización Funcional en las Zonas Rurales de América Latina (México) | |
| 245 | 1 | 0 |
_aAcción del CREFAL en 1973 / _cCentro Regional de Alfabetización Funcional en las Zonas Rurales de América Latina. |
| 260 |
_aPátzcuaro, Mich. : _bCREFAL, _c1973. |
||
| 300 |
_a64 p. : _bil. |
||
| 500 | _a"Avances teóricos y prácticos de la educación funcional en América Latina" | ||
| 610 | 2 | 4 |
_aCENTRO REGIONAL DE EDUCACION DE ADULTOS Y ALFABETIZACION FUNCIONAL PARA AMERICA LATINA (MEXICO) - _vINFORMES _91504 |
| 905 | _aLibro | ||
| 999 |
_c293 _d293 |
||